000 00613nam a2200217Ia 4500
001 15559
003 GE_BSU
008 181216s||||||||xx |||||||||||||| ||und||
040 _cGE_BSU
080 _a821.353.1-1
245 _aვეძებ რვა ძმას
245 _bლექსები
245 _cრედ.: ზურაბ ფირცხალაიშვილი
260 _aბათუმი
260 _bალიონი
260 _c1998
300 _a64გვ.20სმ
653 _aვეძებ რვა ძმას
653 _aლექსები
942 _cBK
999 _c48659
_d48659